000 01080nam a2200229Ia 4500
003 OSt
005 20240524102653.0
008 210210b2017 xxu||||| |||| 00| 0 eng d
020 _a9788126439362
040 _cAL
041 _aMalayalam
082 _a894.8123 MEEA
100 _aMEERA (K R)
_9167354
_dമീര ക്ര
245 _aArachar
_bആരാച്ചാർ
260 _aKottayam
_bD C Books
_c2017
300 _a552
520 _a” by K R Meera tells the story of such a girl.|Executioner is a story based on the Indian culture of caste and religion. The story illustrated in Kolkata narrates about a family’s culture and profession of “executioner” which was being performed by men from decades. Chetna that’s what the protagonist of the story called as father was an executioner a profession inherited by him. But today there is no one to inherit this profession… Will a girl Chetna be able to inherit her family profession of Execution?
650 _aAarachar
_9167355
690 _aMalayalam
_9167356
906 _a072407
942 _2ddc
_cBK
999 _c122206
_d122206